Disaster Management (Record no. 10839)
[ view plain ]
| 000 -LEADER | |
|---|---|
| fixed length control field | 00327nam a2200145 4500 |
| 020 ## - INTERNATIONAL STANDARD BOOK NUMBER | |
| ISBN | 817319727X |
| 020 ## - INTERNATIONAL STANDARD BOOK NUMBER | |
| ISBN | 978-8173197277 |
| 082 ## - DEWEY DECIMAL CLASSIFICATION NUMBER | |
| Classification number | 658.477MAH |
| 100 ## - MAIN ENTRY--AUTHOR NAME | |
| Personal name | Mahanti, N C |
| 245 ## - TITLE STATEMENT | |
| Title | Disaster Management |
| 260 ## - PUBLICATION, DISTRIBUTION, ETC. (IMPRINT) | |
| Place of publication | New Delhi: |
| Name of publisher | Narosa, |
| Year of publication | 2006. |
| 300 ## - PHYSICAL DESCRIPTION | |
| Number of Pages | 187p. ; |
| 650 ## - SUBJECT ADDED ENTRY--TOPICAL TERM | |
| Topical Term | Disaster Management |
| 942 ## - ADDED ENTRY ELEMENTS (KOHA) | |
| Koha item type | Books |
| Withdrawn status | Lost status | Collection code | Home library | Current library | Date acquired | Full call number | Accession Number | Koha item type | Cost, normal purchase price |
|---|---|---|---|---|---|---|---|---|---|
| Reference | Reference Section | Reference Section | 03/10/2014 | 658.477MAH (Shelf - 84E) | 30443 | Books | |||
| Central Library, QUEST, Nawabshah | Seminar Library, Energy & Environ. Engg. | 29/10/2014 | 658.477MAH | 35173 | Books | 1603.00 | |||
| Central Library, QUEST, Nawabshah | Seminar Library, Energy & Environ. Engg. | 29/10/2014 | 658.477MAH | 35174 | Books | 1603.00 |